|
|
|
|
| LEADER |
01201nam a2200265 a 4500 |
| 001 |
748328 |
| 008 |
110316m19522009enk b 001 0 eng d |
| 010 |
|
|
|a 52014525
|
| 020 |
|
|
|a 9780521109284
|
| 040 |
|
|
|a DLC
|c DLC
|d DLC
|d BD-DhAAL
|
| 043 |
|
|
|a e-uk---
|
| 082 |
0 |
0 |
|a 822.09
|2 22
|
| 100 |
1 |
|
|a Nicoll, Allardyce,
|d 1894-1976.
|
| 245 |
0 |
2 |
|a A history of English drama, 1660-1900 /
|c by Allardyce Nicoll.
|
| 260 |
|
|
|a Cambridge :
|b Cambridge University Press,
|c 2009.
|
| 300 |
|
|
|a vi, 462 p. ;
|c 23 cm.
|
| 362 |
0 |
|
|v ulume 1, Restoration drama, 1660-1700
|
| 504 |
|
|
|a Includes bibliographical references and indexes.
|
| 541 |
1 |
|
|e 00022026
|
| 650 |
|
0 |
|a English drama
|x History and criticism.
|
| 650 |
|
0 |
|a Theater
|z Great Britain
|x History.
|
| 852 |
|
|
|a Ayesha Abed Library
|c General Shelf.
|
| 999 |
|
|
|c 10554
|d 10554
|
| 952 |
|
|
|0 0
|1 0
|2 ddc
|4 0
|6 822_090000000000000_NIC
|7 0
|9 14722
|a BRACUL
|b BRACUL
|c GEN
|d 2011-03-16
|e Trust Line International
|g 7890.00
|l 1
|m 1
|o 822.09 NIC
|p 3010022026
|r 2018-01-10
|s 2018-01-02
|t 1
|w 2011-03-16
|y BK
|
| 952 |
|
|
|0 0
|1 0
|2 ddc
|4 0
|6 822_090000000000000_NIC
|7 0
|9 14723
|a BRACUL
|b BRACUL
|c GEN
|d 2011-03-16
|e Trust Line International
|g 7890.00
|l 0
|o 822.09 NIC
|p 3010022027
|r 2011-03-16
|t 2
|w 2011-03-16
|y BK
|